Регионална библиотека "Любен Каравелов" - Русе

3 март - Празникът на Освобождението на страниците на българските вестници 1885-1944 (Запис номер 345194)

MARC детайли
000 -Лидер
Контролно поле с фиксирана дължина nam a22 a 4500
003 - Код на организацията, давaща контролен номер
Контролно поле BLK
005 - Дата и час на последна редакция
Контролно поле 20220610124543.0
008 - Елементи от данни с фиксирана дължина
fixed length control field 190916b bu |||||r|||| 00| 0 bu d
020 ## - Международен стандартен номер на книга ISBN
Международен стандартен номер на книга ISBN 9789540913490
040 ## - Източник на каталожния запис
Идентификатор на билиотеката - собственик на записа BLK
041 ## - Код за език
Код за езика на текст/звукозапис или на отделно заглавие Български
Код за езика КДБФ Български
080 ## - УДК
Текстов определител УДК Трета българска държава (от 1878)
УДК код - определител по УДК 94(497.2)"1878..."
УДК определител :070(497.2)
УДК - код + определител 94(497.2)"1878":070(497.2)
080 ## - УДК
Текстов определител УДК Обществени тържества - Празнични приеми, посещения, юбилеи, възпоменателни тържества и др.
УДК код - определител по УДК 394.4
УДК определител :070(497.2)(091)
УДК - код + определител 394.4:070(497.2)(091)
139 ## - Редно поле
Редна дума 3 март - Празникът на Освобождението на страниците на българските вестници 1885-1944
Авторски знак Тре - Т 81
245 ## - Сведения за заглавието
Заглавие 3 март - Празникът на Освобождението на страниците на българските вестници 1885-1944
Редно поле (дума) състав. Лидия Чолпанова ; сн. Иван Янчев Янчев ; предг. И. Юхновски
250 ## - Област на изданието
Сведения за изданието 2. изд.
260 ## - Област на издателските данни
9 (RLIN) 209473
Място на издаване, разпространение и проч. София
Име на издателя, разпространителя и проч. Захарий Стоянов
Година на издаване 2019
Печатница Костинброд : Мултипринт ООД
300 ## - Физическа характеристика
Страници 249 с.
Илюстрации и др. факс.
Размери/Мащаб 30 см
380 ## - Жанр
Жанр Обществени науки
500 ## - Общи забележки
Забележка 1. изд. 2008 със загл. Празникът на Освобождението по страниците на българските вестници 1885-1944, на Акад. изд. "Проф. Марин Дринов". - Изд. на БАН. - Азбучен списък на вестниците: с. 248
650 #7 - Допълнително описание по предмет – тема
9 (RLIN) 167502
Основно описание – тема или топоним Празници - България
650 #7 - Допълнително описание по предмет – тема
9 (RLIN) 163778
Основно описание – тема или топоним Национални празници
650 #7 - Допълнително описание по предмет – тема
9 (RLIN) 170223
Основно описание – тема или топоним Санстефански мирен договор 1878
653 #7 - Ключова дума – ненормативна
9 (RLIN) 191908
Ключова дума национални празници
700 ## - Други автори (авторска отговорност)
9 (RLIN) 270855
Лично име Чолпанова, Лидия Борисова
Автороска отговорност (Описва отношението между автора и произведението) състав.
700 ## - Други автори (авторска отговорност)
9 (RLIN) 1631
Лично име Янчев, Иван Янчев
Автороска отговорност (Описва отношението между автора и произведението) фотогр.
700 ## - Други автори (авторска отговорност)
9 (RLIN) 1236
Лично име Юхновски, Иван Николов
Автороска отговорност (Описва отношението между автора и произведението) предг. от
852 ## - Местоположение
Фондова буква Хранилище
999 ## - СИСТЕМНИ КОНТРОЛНИ НОМЕРА
Koha biblionumber 345194
Koha biblioitemnumber 345194
942 ## - АРТИКУЛИ
Вид на библиотечния материал Книги
Скрит в OPAC Не
Периодичен библиозапис Да
Koha issues (borrowed), all copies 2
944 ## - СЪЗДАВАНЕ И РЕДАКЦИЯ на ЗАПИСА
Създаване/Редакция Създаване
Дата на регистрацията/редакция 2019-09-16
Служител, извършил регистрацията/редакцията Микаела Микова - Илиева
Статус, дата на статуса 2019-09-16
999 ## - СИСТЕМНИ КОНТРОЛНИ НОМЕРА
Koha biblioitemnumber 345194
999 ## - СИСТЕМНИ КОНТРОЛНИ НОМЕРА
Koha biblioitemnumber 345194
999 ## - СИСТЕМНИ КОНТРОЛНИ НОМЕРА
Koha biblioitemnumber 345194
Наличности
Код за отписване Код за изгубен артикул Източник на класификационната схема Код за повреда Код за отдаване Артикулен № Име на библиотеката - собственик Име на библиотеката, в която се намира в момента Статус (Текущо местоположение) Дата на вписване в системата Местоположение - отдел Цена в лева Систематично азбучна сигнатура Баркод Цена в евро Служебен тип на артикула Коз за рестрикции
  Не е изгубен Universal Decimal Classification Не е повреден ползва се в читалня 746367 Регионална библиотека "Любен Каравелов" Русе Регионална библиотека "Любен Каравелов" Русе Хранилище 2019-09-25 Хранилище 22.00 Цб ІІ 24062 120000836403 11.25 Книги  
  Не е изгубен Universal Decimal Classification Не е повреден заемане за дома 749883 Регионална библиотека "Любен Каравелов" Русе Регионална библиотека "Любен Каравелов" Русе Заемна - подръчен фонд 2019-11-22 Заемна - подръчен фонд 42.00 П 94(497.2)"1878..."/Т 81 120000838048 21.47 Книги  
  Не е изгубен Universal Decimal Classification Не е повреден ползва се в читалня 749884 Регионална библиотека "Любен Каравелов" Русе Регионална библиотека "Любен Каравелов" Русе Читалня 2019-11-22 Читалня 42.00 Ч 94(497.2)"1878..."/Т 81 120000838049 21.47 Книги  
  Не е изгубен Universal Decimal Classification Не е повреден заемане за дома 755655 Регионална библиотека "Любен Каравелов" Русе Регионална библиотека "Любен Каравелов" Русе Заемна - подръчен фонд 2020-02-14 Заемна - подръчен фонд 42.00 П 94(497.2)"1878..."/Т 81 120000842674 21.47 Книги без рестрикции
Vip Innovations Ltd, Rousse, Bulgaria 2025